Concept and national policy of human rights / (Record no. 15253)

MARC details
000 -LEADER
fixed length control field 00894nam a2200253 a 4500
005 - DATE AND TIME OF LATEST TRANSACTION
control field 20071231103130.0
008 - FIXED-LENGTH DATA ELEMENTS--GENERAL INFORMATION
fixed length control field 080901t xxu||||| |||| 00| 0 eng d
010 ## - LCCN (DPL NO)
LC control number ENG-90841
020 ## - INTERNATIONAL STANDARD BOOK NUMBER
Terms of availability 400.00
International Standard Book Number 8190422960
035 ## - SYSTEM CONTROL NUMBER
System control number EN-74374
037 ## - SOURCE OF ACQUISITION
Source of stock number/acquisition DBAD / PUB
040 ## - CATALOGING SOURCE
Original cataloging agency DPL
082 ## - DEWEY DECIMAL CLASSIFICATION NUMBER
Classification number 323
100 ## - MAIN ENTRY--PERSONAL NAME
Personal name Mathur, P.C.
245 ## - TITLE STATEMENT
Title Concept and national policy of human rights /
Statement of responsibility, etc by P.C. Mathur [and] Ravindra Sharma
260 ## - PUBLICATION, DISTRIBUTION, ETC. (IMPRINT)
Place of publication, distribution, etc Jaipur
Name of publisher, distributor, etc Agarwal Publishing House
Date of publication, distribution, etc 2007
270 ## - ADDRESS
Address 1885, Shukhlala Vyas Ki Gali, Nataniyon Ka Rasta,
City Jaipur
Postal code 302003
300 ## - PHYSICAL DESCRIPTION
Extent iii, 177p.
Dimensions 23 cm (Hb)
500 ## - GENERAL NOTE
General note Includes bibliographical references
650 ## - SUBJECT ADDED ENTRY--TOPICAL TERM
Topical term or geographic name as entry element Human rights
700 ## - ADDED ENTRY--PERSONAL NAME
Personal name Sharma, Ravindra
942 ## - ADDED ENTRY ELEMENTS (KOHA)
Source of classification or shelving scheme Dewey Decimal Classification
Item type English Books
Classification part 323
Call number suffix MAT
Holdings
Withdrawn status Lost status Damaged status Not for loan Collection code Home library Current library Date acquired Cost, normal purchase price Total Checkouts Full call number Barcode Date last seen Copy number Cost, replacement price Koha item type
      Not For Loan Non-fiction D.B.Act.Division D.B.Act.Division 02/09/2008 400.00   323 MAT EN-74374 15/09/2008 1 400.00 English Books

© Delhi Public Library
Hit Counter
free hit counter